Aging and society : (Record no. 5889)

MARC details
000 -LEADER
fixed length control field 00775nam a22002297a 4500
003 - CONTROL NUMBER IDENTIFIER
control field OSt
005 - DATE AND TIME OF LATEST TRANSACTION
control field 20251120140810.0
008 - FIXED-LENGTH DATA ELEMENTS--GENERAL INFORMATION
fixed length control field 251120b |||||||| |||| 00| 0 eng d
020 ## - INTERNATIONAL STANDARD BOOK NUMBER
International Standard Book Number 0-17-605622-X
040 ## - CATALOGING SOURCE
Original cataloging agency DWC-Main lib
Transcribing agency OC
082 ## - DEWEY DECIMAL CLASSIFICATION NUMBER
Classification number Circ. 305.2609 N935a 1997
100 ## - MAIN ENTRY--PERSONAL NAME
Personal name Novak, M.
245 ## - TITLE STATEMENT
Title Aging and society :
Remainder of title a Canadian perspective
Statement of responsibility, etc. Novak, Mark
260 ## - PUBLICATION, DISTRIBUTION, ETC.
Place of publication, distribution, etc. Ontario, Canada :
Name of publisher, distributor, etc. ITP Nelson, .
Date of publication, distribution, etc. c1997
300 ## - PHYSICAL DESCRIPTION
Extent viii, 412 pages :
Dimensions 25 cm.
504 ## - BIBLIOGRAPHY, ETC. NOTE
Bibliography, etc. note Includes bibliographical references and index
650 ## - SUBJECT ADDED ENTRY--TOPICAL TERM
Source of heading or term Aged- Canada
650 ## - SUBJECT ADDED ENTRY--TOPICAL TERM
Source of heading or term Aged- Canda-Social conditions
650 ## - SUBJECT ADDED ENTRY--TOPICAL TERM
Source of heading or term Aging-Canada
650 ## - SUBJECT ADDED ENTRY--TOPICAL TERM
Source of heading or term Gerontology-Canada
942 ## - ADDED ENTRY ELEMENTS (KOHA)
Source of classification or shelving scheme Dewey Decimal Classification
Koha item type Book Circulation
Edition 3rd edition
Classification part Circ. 305.2609 N935a 1997
Call number prefix Circ.
Suppress in OPAC No
952 ## - LOCATION AND ITEM INFORMATION (KOHA)
--
Holdings
Withdrawn status Lost status Source of classification or shelving scheme Damaged status Not for loan Home library Current library Shelving location Date acquired Source of acquisition Total Checkouts Full call number Barcode Date last seen Copy number Price effective from Koha item type Uniform Resource Identifier
    Dewey Decimal Classification     College Library College Library Circulation 10/13/2005 Donation   Circ. 305.2609 N935a 1997 CL42485 11/20/2025 c1 11/20/2025 BK-CIRC